[Event "X Open Vitinia"]
[Site "Roma ITA"]
[Date "1998.03.??"]
[Round "?"]
[White "Brunetti, Alessandro"]
[Black "Franchi, Jose' Maria"]
[Result "1-0"]
[WhiteElo "1827"]
[BlackElo "1867"]
[PlyCount "91"]
[EventDate "1998.03.21"]

1. e4 e6 2. d4 d5 3. exd5 exd5 4. Nf3 Bd6 5. c4 dxc4 6. Bxc4 Nf6 7. O-O O-O 8.
Re1 h6 9. Ne5 Nbd7 10. Nc3 Nb6 11. Bb3 c6 12. Qf3 Bxe5 13. dxe5 Nfd5 14. Ne4
Qh4 15. Nf6+ Nxf6 16. exf6 Bg4 17. Qf4 Rae8 18. Be3 Qg5 19. Qxg5 hxg5 20. Bxg5
Nd5 21. fxg7 Kxg7 22. a3 Re6 23. f3 Rfe8 24. Rxe6 Bxe6 25. Kf2 Kg6 26. Bd2 Kf6
27. h4 Kg6 28. g4 Kg7 29. Re1 Rd8 30. Bc2 Kg8 31. h5 Re8 32. Kg3 Bd7 33. Rxe8+
Bxe8 34. g5 f5 35. g6 Ne7 36. Bb4 Nxg6 37. hxg6 Bxg6 38. Kf4 Kf7 39. Bxf5 Bh5
40. Bc5 b6 41. Bd6 Kf6 42. Bd7 c5 43. Bb8 a6 44. Ba7 Ke7 45. Bc8 Kd8 46. Bg4
1-0

[Event "X Open Vitinia"]
[Site "Roma ITA"]
[Date "1998.03.??"]
[Round "?"]
[White "Brunetti, Alessandro"]
[Black "Malloni, Marcello"]
[Result "1/2-1/2"]
[WhiteElo "1827"]
[BlackElo "2240"]
[PlyCount "145"]
[EventDate "1998.03.21"]

1. d4 Nf6 2. c4 e6 3. Nf3 d5 4. Nc3 Bb4 5. Bg5 Nbd7 6. e3 c5 7. cxd5 exd5 8.
Bd3 Qa5 9. Qc2 c4 10. Bf5 O-O 11. O-O Re8 12. Ne5 Bxc3 13. bxc3 Nxe5 14. dxe5
Bxf5 15. Qxf5 Ne4 16. Rab1 b6 17. Rbd1 Nxc3 18. Rd2 Ne4 19. Rd4 Re6 20. f3 Nxg5
21. Qxg5 c3 22. Kh1 Rg6 23. Qf4 Qxa2 24. g4 Qe2 25. Rc1 Qb2 26. e4 dxe4 27. Rc4
h6 28. R4xc3 exf3 29. Rxf3 Rf8 30. Rcf1 Qa2 31. Qe4 Re6 32. R3f2 Qb3 33. Rf3
Qb2 34. Rxf7 Rxf7 35. Qa8+ Kh7 36. Qe4+ Rg6 37. Rxf7 Qc1+ 38. Kg2 Qc6 39. Qxc6
Rxc6 40. Rxa7 Re6 41. Rb7 h5 42. Kg3 Rxe5 43. Rxb6 Re3+ 44. Kh4 hxg4 45. Kxg4
Re4+ 46. Kf3 Ra4 47. Rb3 Kh6 48. Kg2 Kh5 49. Kg1 Ra2 50. h4 Kxh4 51. Rc3 g5 52.
Rb3 Rd2 53. Re3 g4 54. Rb3 Rd5 55. Ra3 Rf5 56. Rb3 g3 57. Rb8 Kh3 58. Rh8+ Kg4
59. Kg2 Rf2+ 60. Kg1 Rf7 61. Kg2 Rf2+ 62. Kg1 Ra2 63. Rg8+ Kf3 64. Rf8+ Kg4 65.
Rg8+ Kf4 66. Rf8+ Ke3 67. Re8+ Kf3 68. Rf8+ Kg4 69. Rg8+ Kh3 70. Rh8+ Kg4 71.
Rg8+ Kh3 72. Rh8+ Kg4 73. Rg8+ 1/2-1/2

[Event "X Open Vitinia"]
[Site "Roma ITA"]
[Date "1998.03.??"]
[Round "?"]
[White "Brunetti, Alessandro"]
[Black "Ottavi, Marco"]
[Result "1/2-1/2"]
[WhiteElo "1827"]
[BlackElo "1900"]
[PlyCount "130"]
[EventDate "1998.03.21"]

1. d4 e6 2. Nf3 Nf6 3. Bg5 c5 4. Bxf6 Qxf6 5. e3 b6 6. Nbd2 Nc6 7. c3 Bb7 8.
Bd3 cxd4 9. exd4 Be7 10. O-O O-O 11. Ne4 Qf4 12. Re1 Rac8 13. Qe2 h6 14. Rad1
Qc7 15. Ng3 d6 16. Qe4 g6 17. Qg4 Bf6 18. Nh5 Bg7 19. Nf4 e5 20. Nd5 Qd8 21.
dxe5 Nxe5 22. Nxe5 dxe5 23. Ne3 Qc7 24. Bc4 Rfd8 25. Rxd8+ Rxd8 26. Qxg6 Qxc4
27. Qxg7+ Kxg7 28. Nxc4 f6 29. f4 Ba6 30. Ne3 Rd2 31. fxe5 fxe5 32. Ng4 Rxb2
33. Rxe5 Rxa2 34. Re7+ Kg6 35. Rxa7 h5 36. Ne5+ Kg5 37. h3 Ra1+ 38. Kh2 Ra5 39.
Nd7 Bb5 40. Rc7 Bxd7 41. Rxd7 Rc5 42. Rd3 h4 43. Kg1 Rf5 44. Rd4 Rc5 45. c4 b5
46. cxb5 Rxb5 47. Kf2 Rb2+ 48. Kf3 Rb3+ 49. Ke4 Rb2 50. Rd5+ Kg6 51. Kf3 Rb4
52. Re5 Rb3+ 53. Re3 Rb4 54. Re4 Rb3+ 55. Kf2 Rb2+ 56. Kg1 Kg5 57. Kf1 Ra2 58.
Re2 Ra1+ 59. Kf2 Ra3 60. Re3 Ra2+ 61. Kf3 Ra4 62. Re5+ Kg6 63. Re4 Ra3+ 64. Kg4
Rg3+ 65. Kxh4 Rxg2 1/2-1/2

[Event "X Open Vitinia"]
[Site "Roma ITA"]
[Date "1998.03.??"]
[Round "?"]
[White "Brunetti, Alessandro"]
[Black "Pierangeli, Andrea"]
[Result "1-0"]
[WhiteElo "1827"]
[BlackElo "1810"]
[PlyCount "111"]
[EventDate "1998.03.21"]

1. d4 Nf6 2. c4 g6 3. Nc3 Bg7 4. e4 d6 5. f3 Nbd7 6. Be3 O-O 7. Qd2 e5 8. d5 a6
9. Nge2 Ne8 10. g4 f6 11. Ng3 Rf7 12. h4 Nf8 13. Bd3 Bd7 14. h5 g5 15. Kf2 h6
16. b4 Nh7 17. Rab1 Bf8 18. c5 Bc8 19. c6 b6 20. Rb3 Ng7 21. Qe2 Be7 22. Ra3
Rf8 23. Bxa6 Qe8 24. Rb1 Bxa6 25. Rxa6 Rxa6 26. Qxa6 Qa8 27. Qxa8 Rxa8 28. a4
Kf7 29. Ra1 Ke8 30. Ke2 f5 31. exf5 e4 32. Ngxe4 Nf6 33. Bd4 Nfxh5 34. Bxg7
Nxg7 35. f6 Bf8 36. fxg7 Bxg7 37. a5 Ra6 38. Kd3 Kd8 39. Kc4 Kc8 40. Kb5 Ra7
41. Ra2 bxa5 42. Rxa5 Bd4 43. Ne2 Bb6 44. Rxa7 Bxa7 45. Nf6 Kd8 46. Ng8 Bf2 47.
Nxh6 Ke7 48. Kc4 Kf6 49. Nf5 Ke5 50. b5 Bc5 51. Nfd4 Bb6 52. Ne6 Kf6 53. Ng3
Ba5 54. Ne4+ Kg6 55. N4xg5 Bd2 56. b6 1-0

[Event "X Open Vitinia"]
[Site "Roma ITA"]
[Date "1998.03.??"]
[Round "?"]
[White "Buffoni, Luca"]
[Black "Pierangeli, Andrea"]
[Result "1/2-1/2"]
[WhiteElo "1681"]
[BlackElo "1810"]
[PlyCount "116"]
[EventDate "1998.03.21"]

1. e4 e6 2. d4 d5 3. exd5 exd5 4. Bd3 Be6 5. Bf4 Bd6 6. Bxd6 Qxd6 7. Nf3 Ne7 8.
O-O O-O 9. Re1 Ng6 10. Ng5 Bd7 11. Qh5 h6 12. Nxf7 Rxf7 13. Qxg6 Qxg6 14. Bxg6
Rf6 15. Bd3 Nc6 16. Nc3 Nb4 17. Re7 Nxd3 18. Rxd7 Nxb2 19. Nxd5 Rd6 20. Rxd6
cxd6 21. Rb1 Nc4 22. Rxb7 a5 23. g3 Re8 24. Ne7+ Kf7 25. Nf5+ Kf6 26. Nxg7 Re1+
27. Kg2 Ra1 28. Ne8+ Kf5 29. Rc7 d5 30. Rc6 Ke4 31. Nd6+ Kxd4 32. Nxc4 dxc4 33.
Rxh6 Rxa2 34. Ra6 Kc3 35. h4 Kb4 36. h5 Rxc2 37. Kf3 Rd2 38. Ke3 Rd8 39. h6 a4
40. h7 a3 41. h8=Q Rxh8 42. Kd2 Rb8 43. Kc2 Rb5 44. g4 Re5 45. Rb6+ Kc5 46. Ra6
Re2+ 47. Kc3 Rxf2 48. Rxa3 Rf3+ 49. Kb2 Rf4 50. Rg3 Kb4 51. Rg2 Rf3 52. g5 Rb3+
53. Kc2 Ra3 54. Kc1 c3 55. Kb1 Ra7 56. g6 Rg7 57. Kc2 Kc4 58. Rg5 Kd4 1/2-1/2

[Event "X Open Vitinia"]
[Site "Roma ITA"]
[Date "1998.03.??"]
[Round "?"]
[White "Buffoni, Luca"]
[Black "Vannelli, Vittorio"]
[Result "1/2-1/2"]
[WhiteElo "1681"]
[BlackElo "1735"]
[PlyCount "97"]
[EventDate "1998.03.21"]

1. e4 e5 2. Nf3 Nc6 3. Bb5 a6 4. Bxc6 dxc6 5. d4 exd4 6. Qxd4 Qxd4 7. Nxd4 Bd7
8. Nc3 O-O-O 9. Bd2 Ne7 10. O-O-O c5 11. Nde2 Ng6 12. Nd5 f5 13. Bg5 Re8 14.
exf5 Bxf5 15. Ng3 Bd7 16. f4 h6 17. f5 hxg5 18. fxg6 Bd6 19. Nb6+ cxb6 20. Rxd6
Bc6 21. Nf5 Re2 22. Nxg7 Bxg2 23. Rhd1 Be4 24. R6d2 Rexh2 25. Ne6 Rxd2 26. Rxd2
Rh1+ 27. Rd1 Rxd1+ 28. Kxd1 Bxg6 29. Nxg5 Kd7 30. Kd2 Kd6 31. c3 Kd5 32. Nf3 b5
33. a3 a5 34. Kc1 a4 35. Ng5 b4 36. cxb4 cxb4 37. Nf3 bxa3 38. bxa3 Be4 39. Ng5
Bg2 40. Kb2 Ke5 41. Nf7+ Kd4 42. Nd6 Kc5 43. Nf5 Be4 44. Ng7 Kd4 45. Ne6+ Kc4
46. Nc7 Kd3 47. Ne6 Bc6 48. Nc5+ Kd2 49. Ne6 1/2-1/2

[Event "X Open Vitinia"]
[Site "Roma ITA"]
[Date "1998.03.??"]
[Round "?"]
[White "Cellucci, Alessandro"]
[Black "Buffoni, Luca"]
[Result "1-0"]
[WhiteElo "1870"]
[BlackElo "1681"]
[PlyCount "32"]
[EventDate "1998.03.21"]

1. d4 e5 2. e4 exd4 3. f4 d6 4. Bd3 Nf6 5. Nf3 Nc6 6. a3 Be7 7. O-O O-O 8. Nbd2
Bg4 9. Qe1 a5 10. e5 dxe5 11. fxe5 Bxf3 12. exf6 Bxf6 13. Nxf3 Re8 14. Qg3 Ne7
15. Bg5 Nd5 16. Qh4 Bxg5 1-0

[Event "X Open Vitinia"]
[Site "Roma ITA"]
[Date "1998.03.??"]
[Round "?"]
[White "Cellucci, Alessandro"]
[Black "Gaspero, Mario"]
[Result "0-1"]
[WhiteElo "1870"]
[BlackElo "1785"]
[PlyCount "84"]
[EventDate "1998.03.21"]

1. e4 c5 2. b4 cxb4 3. d4 d5 4. e5 Bf5 5. a3 e6 6. axb4 Bxb4+ 7. c3 Be7 8. Bd3
Bxd3 9. Qxd3 Nc6 10. Ne2 h5 11. O-O Nh6 12. Na3 Nf5 13. Nc2 g6 14. Ne3 O-O 15.
Nxf5 exf5 16. Bh6 Re8 17. Rab1 Kh7 18. Bd2 Qd7 19. Nf4 b6 20. Qf3 Rad8 21. Rfe1
Bf8 22. Nxh5 gxh5 23. Qxh5+ Kg8 24. Re3 Re6 25. Rh3 Bg7 26. Qh7+ Kf8 27. Bg5
Ne7 28. Rf3 Rg6 29. h4 Qe6 30. Re1 f6 31. Bf4 Qg8 32. exf6 Qxh7 33. fxe7+ Ke8
34. exd8=Q+ Kxd8 35. Rfe3 Qxh4 36. g3 Qxf4 37. Re8+ Kd7 38. R1e7+ Kd6 39. Rxa7
Qc1+ 40. Kg2 Rh6 41. Rd8+ Ke6 42. Re8+ Kf6 0-1

[Event "X Open Vitinia"]
[Site "Roma ITA"]
[Date "1998.03.??"]
[Round "?"]
[White "Cellucci, Alessandro"]
[Black "Marta, Daniele"]
[Result "1/2-1/2"]
[WhiteElo "1870"]
[BlackElo "1888"]
[PlyCount "92"]
[EventDate "1998.03.21"]

1. e4 e6 2. d4 d5 3. Be3 dxe4 4. Nd2 Nf6 5. f3 exf3 6. Ngxf3 b6 7. Bd3 Bb7 8.
Qe2 c5 9. O-O-O Nc6 10. dxc5 Bxc5 11. Bxc5 bxc5 12. Nb3 Qb6 13. Rhf1 O-O 14.
Ng5 Rfd8 15. Rxf6 gxf6 16. Nxe6 fxe6 17. Qxe6+ Kg7 18. Qf5 Rxd3 19. Rxd3 Ne5
20. Rg3+ Ng6 21. Nxc5 Bc8 22. Qd5 Rb8 23. b3 Qb4 24. Kb2 Qf4 25. Nd3 Qc7 26. c3
Rb6 27. Qc5 Qxc5 28. Nxc5 Kf7 29. a4 Ne5 30. Ka3 f5 31. Nd3 Nxd3 32. Rxd3 Be6
33. c4 Rb7 34. a5 Rd7 35. Rc3 Kf6 36. g3 h5 37. Kb4 Rd2 38. h4 Bd7 39. Kc5 Ke7
40. b4 Kd8 41. b5 Kc7 42. Re3 Rd6 43. Re7 Rg6 44. Rh7 Rxg3 45. b6+ axb6+ 46.
axb6+ Kd8 1/2-1/2

[Event "X Open Vitinia"]
[Site "Roma ITA"]
[Date "1998.03.??"]
[Round "?"]
[White "Chiaretti, Roberto"]
[Black "Bertoni, Massimiliano"]
[Result "1-0"]
[WhiteElo "2180"]
[BlackElo "1803"]
[PlyCount "67"]
[EventDate "1998.03.21"]

1. d4 d5 2. c4 Nc6 3. Nc3 dxc4 4. Nf3 Nf6 5. e4 e6 6. Bxc4 Bb4 7. Bd3 Nxd4 8.
Nxd4 O-O 9. Nde2 e5 10. O-O Bg4 11. Qc2 Qe7 12. Be3 Rad8 13. Ng3 Rd7 14. Bc4 c6
15. h3 Be6 16. Qb3 Bxc4 17. Qxc4 Bxc3 18. Bc5 Qd8 19. Bxf8 Bxb2 20. Rab1 Bd4
21. Ba3 h5 22. Qe2 g6 23. Bc1 h4 24. Nh1 Nh5 25. Qg4 Kh7 26. Bg5 f6 27. Bxh4 c5
28. Kh2 c4 29. Ng3 Nxg3 30. fxg3 g5 31. Rxf6 Qxf6 32. Qxd7+ Kh6 33. Rxb7 Qg6
34. Qd8 1-0

[Event "X Open Vitinia"]
[Site "Roma ITA"]
[Date "1998.03.??"]
[Round "?"]
[White "Chiaretti, Roberto"]
[Black "Ortega, Lexy"]
[Result "0-1"]
[WhiteElo "2180"]
[BlackElo "2475"]
[PlyCount "104"]
[EventDate "1998.03.21"]

1. d4 d5 2. c4 e6 3. Nf3 c6 4. e3 Nf6 5. Bd3 Nbd7 6. O-O Bd6 7. Nc3 O-O 8. e4
dxc4 9. Bxc4 e5 10. Bb3 h6 11. h3 Re8 12. Be3 Qe7 13. Nh4 Nf8 14. Qf3 exd4 15.
Bxd4 Be5 16. Rad1 Bxd4 17. Rxd4 Qe5 18. Rdd1 Ne6 19. Qe3 Qg5 20. Qxg5 hxg5 21.
Nf5 Nc5 22. Nd6 Re7 23. Bc2 a5 24. Nxc8 Rxc8 25. f3 Nh5 26. Rd2 g6 27. Rfd1 Kg7
28. Kf2 Nf4 29. Ne2 Rcc7 30. Ng1 Rcd7 31. g3 Nfe6 32. Rxd7 Nxd7 33. Ne2 Ne5 34.
Nd4 Nc5 35. Nb3 Nxb3 36. Bxb3 Nd7 37. Rd6 Nc5 38. Bc2 Re8 39. Rd4 Rh8 40. Kg2
Kf6 41. Bd1 Ke5 42. Rd2 Ne6 43. Bb3 Rd8 44. Rxd8 Nxd8 45. Kf2 Kd4 46. h4 gxh4
47. gxh4 c5 48. Bd5 b5 49. f4 c4 50. f5 b4 51. Kf3 a4 52. Kf4 c3 0-1

[Event "X Open Vitinia"]
[Site "Roma ITA"]
[Date "1998.03.??"]
[Round "?"]
[White "Chiaretti, Roberto"]
[Black "Ottavi, Marco"]
[Result "1/2-1/2"]
[WhiteElo "2180"]
[BlackElo "1900"]
[PlyCount "68"]
[EventDate "1998.03.21"]

1. d4 e6 2. Nf3 Nf6 3. c4 c5 4. d5 exd5 5. cxd5 d6 6. Nc3 g6 7. e4 Bg7 8. Be2
O-O 9. O-O Re8 10. Nd2 Na6 11. f3 Nc7 12. a4 b6 13. a5 Rb8 14. axb6 axb6 15.
Bb5 Bd7 16. Qb3 Nh5 17. Bxd7 Bd4+ 18. Kh1 Qxd7 19. Nc4 b5 20. Na5 Ra8 21. Bd2
f5 22. exf5 Qxf5 23. g4 Qd3 24. Ne4 Qxb3 25. Nxb3 Rxa1 26. Rxa1 Nf6 27. Nxd6
Rd8 28. Nxd4 Rxd6 29. Bf4 Rxd5 30. Nc6 Rd7 31. Kg1 Nfd5 32. Bg3 Rf7 33. Kf2 Rf6
34. Ne5 Ra6 1/2-1/2

[Event "X Open Vitinia"]
[Site "Roma ITA"]
[Date "1998.03.??"]
[Round "?"]
[White "Chiaretti, Roberto"]
[Black "Scacco, Mauro"]
[Result "1-0"]
[WhiteElo "2180"]
[BlackElo "2050"]
[PlyCount "73"]
[EventDate "1998.03.21"]

1. d4 Nf6 2. c4 d6 3. Nc3 e5 4. Nf3 Nbd7 5. g3 Be7 6. Bg2 O-O 7. O-O c6 8. Qc2
Re8 9. b3 Bf8 10. e4 Qb6 11. d5 Nc5 12. h3 a5 13. Be3 Qb4 14. Bd2 Qb6 15. Be3
Qb4 16. Nd2 a4 17. a3 axb3 18. axb4 bxc2 19. Rxa8 Nd3 20. Na2 Bd7 21. Ra3 Nb2
22. Rc1 b5 23. Rxc2 Nd1 24. Bg5 bxc4 25. Bxf6 gxf6 26. dxc6 Bxc6 27. Bf3 f5 28.
Bxd1 fxe4 29. Rxc4 Bb5 30. Nxe4 Be7 31. Rc7 d5 32. Nc5 Bc4 33. Bb3 Bxb3 34.
Rxb3 e4 35. Nc3 Bxc5 36. bxc5 d4 37. Nxe4 1-0

[Event "X Open Vitinia"]
[Site "Roma ITA"]
[Date "1998.03.??"]
[Round "?"]
[White "De Carolis, Massimo"]
[Black "Buffoni, Luca"]
[Result "1/2-1/2"]
[WhiteElo "1705"]
[BlackElo "1681"]
[PlyCount "73"]
[EventDate "1998.03.21"]

1. e4 e5 2. Nf3 Nf6 3. d4 Nxe4 4. Nxe5 d5 5. Bd3 Bd6 6. Nf3 O-O 7. O-O Bg4 8.
c4 c6 9. c5 Be7 10. Nbd2 f5 11. Re1 Nd7 12. Qb3 Nxd2 13. Nxd2 Rb8 14. Nf1 f4
15. Qc2 h6 16. h3 Bh5 17. Bd2 Bg5 18. Bf5 Qc7 19. Re6 Rbe8 20. Rae1 Rxe6 21.
Rxe6 Re8 22. Bh7+ Kh8 23. Rxe8+ Bxe8 24. Bg6 Bxg6 25. Qxg6 Nf6 26. Qf5 Qd7 27.
Qe5 f3 28. Bxg5 fxg2 29. Kxg2 hxg5 30. Qxg5 Ne4 31. Qh5+ Kg8 32. Ne3 Qe6 33.
Ng4 Nd2 34. Ne5 Qf6 35. Ng6 Qxd4 36. Ne7+ Kf8 37. Ng6+ 1/2-1/2

[Event "X Open Vitinia"]
[Site "Roma ITA"]
[Date "1998.03.??"]
[Round "?"]
[White "De Carolis, Massimo"]
[Black "Cellucci, Alessandro"]
[Result "0-1"]
[WhiteElo "1705"]
[BlackElo "1870"]
[PlyCount "112"]
[EventDate "1998.03.21"]

1. d4 f5 2. c4 Nf6 3. Nc3 g6 4. Nf3 d6 5. g3 Bg7 6. Bg2 O-O 7. O-O Nc6 8. d5
Ne5 9. Nxe5 dxe5 10. e4 f4 11. b3 g5 12. Bb2 a6 13. Qe2 Qd6 14. Rad1 h5 15. Na4
Ng4 16. Bf3 Nxh2 17. Kxh2 g4 18. Bxg4 hxg4 19. f3 Qh6+ 20. Kg1 fxg3 21. Bc1 Qh3
22. f4 b6 23. f5 Kf7 24. Qg2 Rh8 25. Rd3 Qh2+ 26. Qxh2 gxh2+ 27. Kg2 Bd7 28.
Rh1 Bxa4 29. bxa4 Bh6 30. Bxh6 Rxh6 31. Rxh2 Rxh2+ 32. Kxh2 Rh8+ 33. Kg2 Kf6
34. Rc3 Kg5 35. c5 Rh3 36. Rc4 Ra3 37. cxb6 Rxa2+ 38. Kg3 Ra3+ 39. Kg2 cxb6 40.
Rb4 Kf4 41. d6 exd6 42. f6 Kg5 43. Rxb6 Kxf6 44. Rxd6+ Kg5 45. Rxa6 Kf4 46.
Rf6+ Kxe4 47. a5 Rxa5 48. Kg3 Ke3 49. Rf5 Rd5 50. Rg5 Rd3 51. Rxg4 e4 52. Kg2
Rd2+ 53. Kf1 Kf3 54. Ke1 Kxg4 55. Kxd2 Kf3 56. Ke1 Ke3 0-1

[Event "X Open Vitinia"]
[Site "Roma ITA"]
[Date "1998.03.??"]
[Round "?"]
[White "De Carolis, Massimo"]
[Black "Pierangeli, Andrea"]
[Result "1-0"]
[WhiteElo "1705"]
[BlackElo "1810"]
[PlyCount "57"]
[EventDate "1998.03.21"]

1. d4 e6 2. c4 Nf6 3. Nc3 Bb4 4. Qc2 Bxc3+ 5. Qxc3 h6 6. Nf3 O-O 7. Bf4 Nc6 8.
e3 Ne7 9. Bd3 Nh5 10. Bg3 d6 11. O-O-O a6 12. e4 b5 13. c5 d5 14. e5 c6 15. Qd2
Ng6 16. h3 Nxg3 17. fxg3 a5 18. g4 b4 19. h4 Ba6 20. Bxa6 Rxa6 21. h5 Ne7 22.
g5 Kh7 23. Qd3+ Kh8 24. Qxa6 hxg5 25. Nxg5 Nf5 26. Nf3 Qc7 27. Qd3 Nh6 28. Ng5
f5 29. Nxe6 1-0

[Event "X Open Vitinia"]
[Site "Roma ITA"]
[Date "1998.03.??"]
[Round "?"]
[White "De Carolis, Massimo"]
[Black "Ridolfi, Raffaele"]
[Result "1-0"]
[WhiteElo "1705"]
[BlackElo "1786"]
[PlyCount "77"]
[EventDate "1998.03.21"]

1. d4 Nf6 2. c4 g6 3. Nc3 d5 4. cxd5 Nxd5 5. e4 Nxc3 6. bxc3 Bg7 7. Nf3 O-O 8.
Be2 c5 9. O-O Nc6 10. Be3 Qc7 11. Qd2 Rd8 12. Rac1 b6 13. Bf4 e5 14. Bg3 Qd7
15. d5 f6 16. Bb5 Bb7 17. dxc6 Bxc6 18. Qxd7 Bxd7 19. Bc4+ Kf8 20. Rfd1 Ba4 21.
Bb3 Bb5 22. Bd5 Rac8 23. c4 Ba4 24. Rd3 Rc7 25. h4 Be8 26. Nh2 Ke7 27. Ng4 Bd7
28. Ne3 Bh6 29. Rf1 a6 30. f4 exf4 31. Bxf4 Bxf4 32. Rxf4 Rf8 33. Rd1 Ra7 34.
Rdf1 b5 35. e5 f5 36. g4 Rd8 37. gxf5 Be8 38. f6+ Kf8 39. e6 1-0

[Event "X Open Vitinia"]
[Site "Roma ITA"]
[Date "1998.03.??"]
[Round "?"]
[White "Farina, Saverio"]
[Black "Cellucci, Alessandro"]
[Result "1/2-1/2"]
[WhiteElo "2200"]
[BlackElo "1870"]
[PlyCount "31"]
[EventDate "1998.03.21"]

1. c4 f5 2. d4 Nf6 3. Nc3 g6 4. h4 Bg7 5. h5 d6 6. hxg6 hxg6 7. Rxh8+ Bxh8 8.
Nf3 Na6 9. Bh6 c5 10. d5 Qa5 11. Qd2 Ng4 12. Rc1 Bf6 13. Bg5 Bd7 14. Bxf6 exf6
15. Qf4 Qb6 16. g3 1/2-1/2

[Event "X Open Vitinia"]
[Site "Roma ITA"]
[Date "1998.03.??"]
[Round "?"]
[White "Farina, Saverio"]
[Black "Gaspero, Mario"]
[Result "1/2-1/2"]
[WhiteElo "2200"]
[BlackElo "1785"]
[PlyCount "71"]
[EventDate "1998.03.21"]

1. d4 Nf6 2. c4 e6 3. a3 b6 4. Nc3 Bb7 5. d5 e5 6. e4 d6 7. Nge2 Be7 8. Ng3 g6
9. Bh6 Nbd7 10. Be2 Bf8 11. Bg5 h6 12. Be3 Bg7 13. h4 h5 14. Bg5 Nf8 15. Qd2
N8h7 16. Bh6 Bxh6 17. Qxh6 Qe7 18. Nf1 a6 19. Qd2 Bc8 20. Ne3 Bd7 21. f3 Bc8
22. Ncd1 Nd7 23. Nf2 Nc5 24. Bd1 a5 25. Nd3 Nxd3+ 26. Qxd3 Nf6 27. Ba4+ Nd7 28.
Kd2 Qf6 29. Kc3 O-O 30. Bxd7 Bxd7 31. Rag1 Rfb8 32. g4 Qh8 33. gxh5 Qxh5 34.
Ng4 Kg7 35. Qe3 b5 36. Qg5 1/2-1/2

[Event "X Open Vitinia"]
[Site "Roma ITA"]
[Date "1998.03.??"]
[Round "?"]
[White "Farina, Saverio"]
[Black "Marta, Daniele"]
[Result "1-0"]
[WhiteElo "2200"]
[BlackElo "1888"]
[PlyCount "71"]
[EventDate "1998.03.21"]

1. d4 d6 2. c4 e5 3. e3 Nf6 4. Nc3 c6 5. Be2 g6 6. Nf3 Nbd7 7. O-O Bg7 8. b3
O-O 9. Qc2 Re8 10. b4 Qe7 11. a4 e4 12. Nd2 d5 13. Ba3 Nf8 14. b5 Qd8 15. bxc6
bxc6 16. cxd5 cxd5 17. Nb5 Ba6 18. Qa2 Qd7 19. Nb3 Ne6 20. Nc5 Nxc5 21. Bxc5
Bf8 22. Rfc1 Bxc5 23. dxc5 Rec8 24. Qb2 Ne8 25. Rab1 Rab8 26. h3 h5 27. Qe5 f6
28. Qd4 Rc6 29. Bc4 Rd8 30. Ba2 Ng7 31. Nd6 Rxd6 32. cxd6 Qxd6 33. Qxe4 Kh7 34.
Qd4 Nf5 35. Qxa7+ Rd7 36. Qb6 1-0

[Event "X Open Vitinia"]
[Site "Roma ITA"]
[Date "1998.03.??"]
[Round "?"]
[White "Farina, Saverio"]
[Black "Picciotti, Francesco"]
[Result "1-0"]
[WhiteElo "2200"]
[BlackElo "1600"]
[PlyCount "37"]
[EventDate "1998.03.21"]

1. d4 Nf6 2. c4 e6 3. a3 d5 4. Nc3 Be7 5. Nf3 O-O 6. Qc2 c5 7. e3 Nc6 8. dxc5
dxc4 9. Bxc4 Bxc5 10. b4 Bb6 11. Bb2 Qe7 12. O-O a6 13. Ne4 Ba7 14. Neg5 g6 15.
Qc3 e5 16. Nxe5 Nxe5 17. Qxe5 Qxe5 18. Bxe5 Nd7 19. Bd6 1-0

[Event "X Open Vitinia"]
[Site "Roma ITA"]
[Date "1998.03.??"]
[Round "?"]
[White "Franchi, Jose' Maria"]
[Black "Monteleone, Antonio"]
[Result "0-1"]
[WhiteElo "1867"]
[BlackElo "2165"]
[PlyCount "70"]
[EventDate "1998.03.21"]

1. e4 e6 2. d4 d5 3. Nc3 Nf6 4. e5 Nfd7 5. f4 c5 6. Nf3 Nc6 7. Be3 cxd4 8. Nxd4
Bc5 9. Qd2 O-O 10. O-O-O a6 11. h4 Qc7 12. Nb3 Bxe3 13. Qxe3 b5 14. Bd3 Bb7 15.
Kb1 Rfc8 16. Ne2 Nb4 17. Qd2 Nc6 18. Rh3 Nb6 19. Rg3 Nc4 20. Bxc4 dxc4 21. Nbd4
Rd8 22. Qe1 Nxd4 23. Rxd4 Rxd4 24. Nxd4 Rd8 25. Qe3 Qe7 26. Rg4 f5 27. exf6
Qxf6 28. Ne2 Rd1+ 29. Nc1 Qf5 30. Rg5 Qe4 31. Qg3 Qd4 32. f5 h6 33. Rg4 Be4 34.
Qf4 exf5 35. Qb8+ Kh7 0-1

[Event "X Open Vitinia"]
[Site "Roma ITA"]
[Date "1998.03.??"]
[Round "?"]
[White "Franchi, Jose' Maria"]
[Black "Ridolfi, Raffaele"]
[Result "1-0"]
[WhiteElo "1867"]
[BlackElo "1786"]
[PlyCount "53"]
[EventDate "1998.03.21"]

1. e4 c6 2. Ne2 d5 3. e5 Bf5 4. Nd4 Bd7 5. f4 c5 6. Nf3 e6 7. c4 Ne7 8. Nc3 d4
9. Ne4 Nc8 10. b4 b6 11. Bd3 Bc6 12. b5 Bb7 13. O-O f5 14. exf6 gxf6 15. Nh4
Be7 16. Qh5+ Kd7 17. a4 Nd6 18. Nxd6 Kxd6 19. Qe2 Nd7 20. Re1 Nf8 21. Be4 Qd7
22. f5 e5 23. Nf3 Rg8 24. Nxe5 Qc7 25. Nf7+ Kd7 26. Bxb7 Re8 27. Qe6+ 1-0

[Event "X Open Vitinia"]
[Site "Roma ITA"]
[Date "1998.03.??"]
[Round "?"]
[White "Franchi, Jose' Maria"]
[Black "Verrascina, Nicola"]
[Result "1-0"]
[WhiteElo "1867"]
[BlackElo "2145"]
[PlyCount "63"]
[EventDate "1998.03.21"]

1. e4 d5 2. exd5 Nf6 3. d4 Nxd5 4. Nf3 Bg4 5. Be2 e6 6. O-O Be7 7. c4 Nb6 8.
Be3 O-O 9. Ne5 Bxe2 10. Qxe2 N8d7 11. Nc3 Nxe5 12. dxe5 c6 13. Ne4 Qc7 14. f4
Rad8 15. b3 Rd7 16. Qg4 Kh8 17. Ng5 Bxg5 18. Qxg5 Qd8 19. Qh5 f5 20. Bc5 Rg8
21. Rad1 Nc8 22. Rxd7 Qxd7 23. Rd1 Qc7 24. Bd6 Nxd6 25. exd6 Qb6+ 26. Kh1 Qd8
27. Qf7 Re8 28. Qxb7 e5 29. d7 Rf8 30. fxe5 Qe7 31. Qc8 Rd8 32. Qxd8+ 1-0

[Event "X Open Vitinia"]
[Site "Roma ITA"]
[Date "1998.03.??"]
[Round "?"]
[White "Gaspero, Mario"]
[Black "Brunetti, Alessandro"]
[Result "0-1"]
[WhiteElo "1785"]
[BlackElo "1827"]
[PlyCount "90"]
[EventDate "1998.03.21"]

1. d4 Nf6 2. c4 g6 3. Nc3 Bg7 4. e4 d6 5. f3 O-O 6. Be3 e5 7. Nge2 Nc6 8. d5
Ne7 9. Qd2 Nd7 10. O-O-O b6 11. g4 a5 12. Bh6 Nc5 13. Ng3 a4 14. h4 f6 15. Bxg7
Kxg7 16. h5 g5 17. h6+ Kh8 18. Nh5 Ng6 19. Ng7 Nf4 20. Kc2 Bd7 21. Rb1 Ra5 22.
Kd1 Qa8 23. Ke1 Kg8 24. Kf2 Qa7 25. Kg3 Kf7 26. Rh2 Rb8 27. Nb5 Qb7 28. b4 axb3
29. axb3 Bxb5 30. cxb5 Ra3 31. Bc4 Rba8 32. Qc3 Qa7 33. Rhb2 Na4 34. Qc2 Nxb2
35. Rxb2 Ra2 36. Nf5 Rxb2 37. Qxb2 Qa2 38. Qxa2 Rxa2 39. Bf1 Rb2 40. Ne3 Rxb3
41. Nf5 Rb1 42. Kf2 Rb2+ 43. Ke3 Ng2+ 44. Kd3 Nh4 45. Be2 Rxb5 0-1

[Event "X Open Vitinia"]
[Site "Roma ITA"]
[Date "1998.03.??"]
[Round "?"]
[White "Gaspero, Mario"]
[Black "Ottavi, Marco"]
[Result "0-1"]
[WhiteElo "1785"]
[BlackElo "1900"]
[PlyCount "46"]
[EventDate "1998.03.21"]

1. d4 e6 2. e4 d5 3. Nc3 Bb4 4. e5 c5 5. a3 Bxc3+ 6. bxc3 Ne7 7. a4 Qa5 8. Qd2
Nbc6 9. Nf3 f6 10. exf6 gxf6 11. g3 Bd7 12. Bg2 O-O-O 13. O-O Nf5 14. dxc5 Qxc5
15. Ba3 Qa5 16. Rfb1 h5 17. h4 Rhg8 18. Qd3 Rg7 19. Kh2 Qc7 20. Kh1 Rdg8 21.
Rg1 Rxg3 22. fxg3 Nxg3+ 23. Kh2 Ne4+ 0-1

[Event "X Open Vitinia"]
[Site "Roma ITA"]
[Date "1998.03.??"]
[Round "?"]
[White "Gaspero, Mario"]
[Black "Quimi, Marco"]
[Result "0-1"]
[WhiteElo "1785"]
[BlackElo "2225"]
[PlyCount "86"]
[EventDate "1998.03.21"]

1. e4 c5 2. Nf3 d6 3. d4 cxd4 4. Nxd4 Nf6 5. Nc3 g6 6. Be3 Bg7 7. f3 O-O 8. Qd2
Nc6 9. Bc4 Bd7 10. O-O-O Rc8 11. Bb3 Ne5 12. h4 Nc4 13. Bxc4 Rxc4 14. h5 Nxh5
15. g4 Nf6 16. Bh6 Nxe4 17. Nxe4 Rxd4 18. Qh2 Rxd1+ 19. Kxd1 Be5 20. Bf4 h5 21.
gxh5 g5 22. Bxe5 dxe5 23. Qxe5 f6 24. Qd5+ Be6 25. Qxd8 Rxd8+ 26. Ke2 Kh7 27.
b3 Kh6 28. Nc5 Bc8 29. c4 b6 30. Nd3 Bb7 31. Rh2 Bxf3+ 32. Kxf3 Rxd3+ 33. Ke4
Rd1 34. Kf5 Re1 35. Rd2 Re5+ 36. Kg4 f5+ 37. Kf3 Kxh5 38. Rd7 f4 39. Rxa7 Re3+
40. Kf2 g4 41. Ra8 g3+ 42. Kg2 Re2+ 43. Kg1 Kg4 0-1